| 000 | 00713cac a22001931u 4500 | ||
|---|---|---|---|
| 090 | _c8730 | ||
| 008 | 081118t 2008xxu||||| |||| 00| 0 eng d | ||
| 020 | _a0073524824 | ||
| 082 |
_a650.01513 _bBIE |
||
| 100 | _aBiehler, Timothy J. | ||
| 245 |
_aThe mathematics of money : _bmath for business and personal finance decisions / _cTimothy J. Biehler |
||
| 260 |
_aBoston : _bMcGraw-Hill/Irwin, _cc2008. |
||
| 260 | _bdistributer: Baccah | ||
| 300 |
_a670p.: _bill.; _c27 cm. |
||
| 500 | _aIncludes index. | ||
| 650 | _aBusiness mathematics. | ||
| 942 |
_cBB _k650.01513BIE _2ddc |
||
| 999 |
_c8730 _d8730 |
||